000 01212nam a2200349Ia 4500
003 GCL
008 140319s9999 xx 000 0 ara d
020 _a7945069977
040 _aGCL /
_cGCL
082 0 4 _a371.3
_bع ت
100 1 _aعبدالسلام مصطفى عبدالسلام
245 1 0 _aتدريس العلوم ومتطلبات العصر /
_cعبدالسلام مصطفى عبدالسلام
250 _aالاولى
260 _aالقاهرة :
_bدار الفكر العربى ،
_c2006
300 _a636 ص ؛
_c24 سم
650 0 4 _aطرق التدريس
650 0 4 _aالتفكير
650 0 4 _aالتدريس
650 0 4 _aالتعليم - مناهج
650 0 4 _aالبحث العلمى
650 0 4 _aالطلبة - تقييم
650 0 4 _aالتعليم - مشكلات
650 0 4 _aالتعليم - مصر
650 0 4 _aالتعليم - تنظيم وادارة
650 0 4 _aالطلبة - تدريب
650 0 4 _aالتعليم التعاونى
650 0 4 _aالتدريس - اخلاقيات
650 0 4 _aالتعليم والمجتمع
650 0 4 _aالتعليم - برامج STS
650 0 4 _aالتعليم - مشروع TIMSS
942 _2ddc
_cBK
999 _c9618
_d9618